Konštrukcia a kvantifikácia prototypov systému modelov pre makroekonomické analýzy výskumná správa

Gespeichert in:
Bibliographische Detailangaben
Format: Buch
Sprache:Slowakisch
Veröffentlicht: Bratislava Výskumné výpočtové stredisko 1980
Schriftenreihe:Výskumné práce č. 189
Tags: Tag hinzufügen
Keine Tags, Fügen Sie das erste Tag hinzu!

MARC

LEADER 00000nam a2200000 4500
001 c141931
005 20041019155323.3
041 0 |a slo 
044 |a SK 
245 1 0 |a Konštrukcia a kvantifikácia prototypov systému modelov pre makroekonomické analýzy  |b výskumná správa 
264 1 |a Bratislava  |b Výskumné výpočtové stredisko  |c 1980 
300 |a 229 s. 
490 1 |a Výskumné práce  |v č. 189 
830 0 |a Výskumné práce  |v č. 189